[Event "COL sub zt 2.3.4"]
[Site "La Dorada"]
[Date "2016.11.06"]
[Round "8"]
[White "Caballero Rojano, Giovanny Eduar"]
[Black "Zapata, Alvaro"]
[Result "0-1"]
[WhiteElo "1497"]
[BlackElo "1750"]
[PlyCount "114"]
[EventDate "2016.11.02"]
[EventType "swiss"]
[EventRounds "9"]
[EventCountry "COL"]
[SourceTitle "CBM 175 Extra"]
[Source "ChessBase"]
[SourceDate "2016.12.12"]
[SourceVersion "1"]
[SourceVersionDate "2016.12.12"]
[SourceQuality "1"]

1. Nf3 e6 2. g3 b6 3. Bg2 Bb7 4. d3 d5 5. Nbd2 Nf6 6. 0-0 Be7 7. Re1 0-0 8. Ng5 e5 9. e4 d4 10. h4 h6 11. Ngf3 Bc8 12. Nf1 Bg4 13. N1h2 Bxf3 14. Nxf3 Nbd7 15. Bh3 Nh7 16. h5 Bf6 17. Bf5 Re8 18. Bd2 Bg5 19. Rc1 Bxd2 20. Qxd2 c5 21. Kg2 Rc8 22. c4 Rc6 23. a3 a5 24. Qc2 Ndf8 25. b4 axb4 26. axb4 Rd6 27. Ra1 Ng5 28. Nh4 Nge6 29. Ra7 Nf4+ 30. Kh2 N8e6 31. Bxe6 Rdxe6 32. bxc5 bxc5 33. Rb1 Nxh5 34. Rbb7 Rf8 35. Nf5 Qg5 36. Qe2 Rf6 37. Ne7+ Kh8 38. Nd5 Rg6 39. Qf3 f5 40. Ne7 Rgf6 41. Nxf5 Rxf5 42. exf5 Rxf5 43. Rb8+ Kh7 44. Qe4 Nf6 45. Qe2 Ng4+ 46. Kg1 Qc1+ 47. Qf1 Qd2 48. Rbb7 Rg5 49. Rb8 h5 50. Raa8 Rf5 51. Rh8+ Kg6 52. Ra6+ Nf6 53. Rc6 Kg5 54. Rxc5 g6 55. Rb5 Ng4 56. Rb6 Rxf2 57. Rxg6+ Kxg6 0-1

[Event "COL sub zt 2.3.4"]
[Site "La Dorada"]
[Date "2016.11.04"]
[Round "5"]
[White "Caballero Rojano, Giovanny Eduar"]
[Black "Cadavid, Juan Miguel"]
[Result "0-1"]
[WhiteElo "1497"]
[BlackElo "1911"]
[PlyCount "112"]
[EventDate "2016.11.02"]
[EventType "swiss"]
[EventRounds "9"]
[EventCountry "COL"]
[SourceTitle "CBM 175 Extra"]
[Source "ChessBase"]
[SourceDate "2016.12.12"]
[SourceVersion "1"]
[SourceVersionDate "2016.12.12"]
[SourceQuality "1"]

1. Nf3 c5 2. g3 Nf6 3. Bg2 g6 4. 0-0 Bg7 5. d3 0-0 6. e4 e6 7. Re1 d5 8. e5 Nfd7 9. Bf4 Nc6 10. c3 d4 11. Nbd2 h6 12. h4 dxc3 13. bxc3 Nb6 14. Qc2 Nd5 15. Rad1 Nxf4 16. gxf4 Ne7 17. Ne4 Nf5 18. h5 b6 19. d4 c4 20. hxg6 fxg6 21. Nd6 Bd7 22. Qe4 b5 23. Rb1 Rb8 24. d5 a6 25. Bh3 Kh7 26. Kh2 Nxd6 27. exd6 exd5 28. Qe7 Bxh3 29. Kxh3 Rxf4 30. Kg3 Rf6 31. Re6 Qxe7 32. Rxe7 Rxd6 33. Nd4 Kg8 34. Ne2 Rf8 35. a4 Rdf6 36. f4 g5 37. axb5 axb5 38. Rxb5 gxf4+ 39. Kf3 Rf5 40. Rd7 Re5 41. Rbb7 Rg5 42. Rb5 Rff5 43. Rb8+ Kh7 44. Rbd8 h5 45. Ra8 h4 46. Rad8 h3 47. Ra8 Kh6 48. Rb8 h2 49. Rb1 Rh5 50. Rh1 Bf6 51. Nxf4 Be5 52. Rxd5 Rxf4+ 53. Ke3 Rh3+ 54. Ke2 Bxc3 55. Rc5 Rg4 56. Kf1 Rg1+ 0-1

[Event "COL sub zt 2.3.4"]
[Site "La Dorada"]
[Date "2016.11.03"]
[Round "3"]
[White "Amado, Jhon Esteban"]
[Black "Caballero Rojano, Giovanny Eduar"]
[Result "1-0"]
[WhiteElo "1784"]
[BlackElo "1497"]
[PlyCount "117"]
[EventDate "2016.11.02"]
[EventType "swiss"]
[EventRounds "9"]
[EventCountry "COL"]
[SourceTitle "CBM 175 Extra"]
[Source "ChessBase"]
[SourceDate "2016.12.12"]
[SourceVersion "1"]
[SourceVersionDate "2016.12.12"]
[SourceQuality "1"]

1. e4 c5 2. Nf3 e6 3. d4 cxd4 4. Nxd4 a6 5. c4 Nc6 6. Nc3 Qc7 7. Be2 Nf6 8. 0-0 Be7 9. Be3 0-0 10. Rc1 d6 11. Kh1 Bd7 12. Nb3 Ne5 13. f4 Ng6 14. Qe1 Rad8 15. g4 Bc6 16. Bf3 Nd7 17. Kg1 Nh4 18. Bh1 f5 19. g5 Ng6 20. Nd4 Nc5 21. Nxc6 bxc6 22. Qe2 e5 23. exf5 Rxf5 24. fxe5 Rxe5 25. Qd2 Qd7 26. Bf3 Nh4 27. Bf4 Nxf3+ 28. Rxf3 Rf5 29. Rcf1 Rdf8 30. R3f2 d5 31. cxd5 cxd5 32. Be3 d4 33. Qxd4 Qxd4 34. Bxd4 Rxf2 35. Rxf2 Rxf2 36. Bxf2 Nd3 37. Nd5 Bxg5 38. Bd4 Kf7 39. Nc7 a5 40. a4 Nc1 41. Kg2 Nd3 42. Bc3 Bd8 43. Na6 Be7 44. b3 Bd6 45. Bxa5 Ke6 46. Bc3 g6 47. b4 Kd7 48. b5 Kc8 49. h4 Nf4+ 50. Kf3 Nd5 51. Bd4 Kb7 52. a5 h6 53. Ke4 Ne7 54. Nc5+ Ka8 55. a6 g5 56. hxg5 hxg5 57. b6 Bb8 58. Nd7 Nc6 59. b7# 1-0

[Event "Medellin Flores op 22nd"]
[Site "Medellin"]
[Date "2015.08.07"]
[Round "4"]
[White "Pena, Alcides"]
[Black "Caballero Rojano, Giovanny Eduar"]
[Result "1-0"]
[WhiteElo "1820"]
[BlackElo "1600"]
[PlyCount "83"]
[EventDate "2015.08.05"]
[EventType "swiss"]
[EventRounds "9"]
[EventCountry "COL"]
[SourceTitle "EXT 2016"]
[Source "ChessBase"]
[SourceDate "2015.10.08"]
[SourceVersion "1"]
[SourceVersionDate "2015.10.08"]
[SourceQuality "1"]

1. d4 d5 2. c4 Nf6 3. Nc3 e6 4. Bg5 Bb4 5. Rc1 0-0 6. a3 Be7 7. e3 b6 8. Nf3 Bb7 9. Bd3 Nbd7 10. 0-0 a6 11. b4 Rc8 12. c5 c6 13. Qe2 bxc5 14. bxc5 Qa5 15. Qb2 Rb8 16. Bf4 e5 17. Nxe5 Ba8 18. Qa2 Nxe5 19. Bxe5 Rb7 20. h3 Re8 21. Bh2 Bd8 22. Rc2 Bc7 23. Bxc7 Qxc7 24. Bxa6 Ra7 25. Bd3 Bb7 26. Rb1 Rea8 27. Rb3 Ba6 28. Bxa6 Rxa6 29. Rcb2 g6 30. Rb1 Kg7 31. Qb2 Nd7 32. a4 h5 33. Rb7 Qd8 34. Qe2 Kh6 35. Qf3 f5 36. Qf4+ Kg7 37. Qc7 Qxc7 38. Rxc7 R8a7 39. Rbb7 Rxb7 40. Rxb7 Ra8 41. Rxd7+ Kh6 42. Rb7 1-0